[Event "FIDE-Online-Steinitz-Memorial-Women"]
[Site "Internet"]
[Date "2020.05.17"]
[Round "18"]
[White "Cori T., Deysi"]
[Black "Tan, Zhongyi"]
[Result "0-1"]
[WhiteElo "2391"]
[BlackElo "2510"]
[Annotator "TA"]
[PlyCount "98"]
[EventDate "2020.05.15"]
[EventType "tourn"]
[SourceTitle "playchess.com"]
[Source "ChessBase"]
[SourceQuality "1"]

{[%evp 13,98,0,18,24,27,27,34,24,26,20,53,34,35,27,74,89,85,90,156,147,172,2,42,0,0,-54,21,17,45,15,86,83,146,169,160,144,177,135,172,187,179,186,177,179,174,177,211,214,266,225,332,307,282,258,264,265,238,253,260,232,227,214,254,268,250,236,218,99,122,-1017,-984,-1547,-1510,-1661,-995,-1468,-1006,-1739,-1656,-1673,-1537,-6027,-5907,-6398,-6605,-1950,-1998]} 1. d4 Nf6 2. c4 e6 3. Nf3 d5 4. e3 c5 5. cxd5 exd5 6. Nc3 Nc6 7. Be2 {7.Bb5 might become the main line. Played by Liren Ding in April 2020.} Be6 8. O-O {D32: Tarrasch Defence: Sidelines and lines without g3.} c4 9. Ne5 {[#]} Bd6 $146 ({Predecessor:} 9... Bb4 10. Bd2 O-O 11. Nxc6 bxc6 12. b3 c5 13. a3 Ba5 14. dxc5 cxb3 15. Be1 Ne4 {1-0 (40) Galkin,A (2598)-Savchenko,B (2630) Taganrog 2011}) 10. f4 {White is slightly better.} O-O 11. Bf3 a6 12. Kh1 Ne7 13. g4 b5 {[#]} 14. f5 $1 Bc8 15. g5 Bxe5 (15... Ne8 $142) 16. dxe5 $16 Nd7 17. Nxd5 $2 ({Worse is} 17. Bxd5 Nxd5 18. Qxd5 Qc7 $11) ({White should try} 17. f6 $18 Nxe5 18. fxe7 Qxe7 19. Nxd5 Qxg5 {[#]} 20. Nf6+ $1 {[%mdl 576] Discovered Attack} Qxf6 21. Bxa8) 17... Rb8 18. f6 Nxd5 19. fxg7 (19. Bxd5 $11 Nb6 20. Bg2) 19... Kxg7 (19... Re8 $1 $15 20. Bxd5 {[%mdl 64] Discovered Attack} Nxe5) 20. Qxd5 $11 {Black must now prevent Bd2.} Qe7 21. Bd2 $36 {[%mdl 2048] Bc3 is the strong threat. White fights for an advantage.} (21. Qd4 $5 {[%cal Re5e6]} Qxe5 22. Bd2 $14) 21... Kg8 (21... b4 $11 {keeps the balance.} 22. Qd6 Qxd6 23. exd6 Ne5) 22. Bc3 $16 {Threatens to win with e6!} Nb6 (22... Bb7 $142 23. Qd6 Rfe8) 23. Qd6 Qxd6 24. exd6 Bf5 25. Bf6 Bd3 26. Rf2 Nd7 27. Be7 Rfc8 28. Bd5 Bg6 29. h4 Rc5 30. e4 Re8 31. Raf1 Ne5 (31... Rxd5 $142 32. exd5 Be4+ 33. Kh2 Bxd5) 32. d7 Nxd7 33. Bxc5 ({Much less strong is} 33. Bxf7+ $6 Bxf7 34. Bxc5 (34. Rxf7 Rcc8 $16) 34... Nxc5 $18) 33... Nxc5 34. Rxf7 {White threatens Re7+ and mate.} Bxe4+ 35. Bxe4 Rxe4 $18 {[%mdl 4096] Endgame KRR-KRN} 36. Rc7 Rxh4+ 37. Kg2 Rg4+ 38. Kh3 Rxg5 39. Re1 {[%cal Re1e8]} Kf8 40. Rxh7 (40. Ree7 $18 {and White stays clearly on top.}) 40... Nd3 41. Re6 $2 {[%mdl 8192]} (41. Rf1+ $16 Kg8 42. Ra7) 41... Nf4+ $19 {[%mdl 64] Double Attack. Black is clearly winning.} 42. Kh4 Nxe6 {KRN-KR} 43. Rh6 Re5 {Strongly threatening ...Kg7.} 44. Kg4 Ke7 45. Rh7+ Kd6 46. Ra7 Nc5 47. Kf4 Re2 48. b4 cxb3 49. axb3 Rb2 {What a fight! Accuracy: White = 58%, Black = 47%.} 0-1

[Event "FIDE-Online-Steinitz-Memorial-Women"]
[Site "Internet"]
[Date "2020.05.17"]
[Round "19"]
[White "Lei, Tingjie"]
[Black "Lagno, Kateryna"]
[Result "0-1"]
[WhiteElo "2530"]
[BlackElo "2608"]
[Annotator "TA"]
[PlyCount "304"]
[EventDate "2020.05.15"]
[EventType "tourn"]
[SourceTitle "playchess.com"]
[Source "ChessBase"]
[SourceQuality "1"]

{[%evp 9,304,0,35,0,0,0,0,0,0,0,0,0,8,-7,0,-10,12,0,99,104,91,-17,-21,-22,0,0,13,0,41,-87,6,-70,19,27,18,26,36,36,42,41,37,23,35,0,0,0,0,0,27,0,26,-13,11,-73,-73,-73,-73,-95,-73,-116,-95,-116,0,-97,-73,-112,-73,-73,0,-73,0,-66,-66,-66,-66,-66,-66,-66,-66,-66,-66,-66,-66,-66,0,-66,0,-66,0,-66,-66,-66,0,-66,0,-66,0,-66,0,-66,0,-66,0,-66,0,-66,-66,-66,-66,-66,0,-66,0,-66,0,-66,0,-66,0,-66,0,-66,0,-66,0,-155,0,-66,0,-66,0,-66,0,-99,0,-66,0,-99,0,-123,-123,-123,-123,-123,0,-123,0,-123,0,-123,0,-123,0,-123,0,-123,0,-123,0,-202,0,-123,0,-123,0,-123,0,-123,0,-123,0,-123,0,-123,0,-123,0,-123,0,-123,0,-191,0,-123,0,-123,-123,-123,-123,-123,-123,-123,-123,-123,-123,-123,0,-123,0,-123,0,-123,0,-123,0,-123,0,-123,0,-123,0,-123,0,-123,0,-123,0,-123,0,-123,0,-123,0,-123,0,-123,0,-216,0,-243,0,-127,0,-231,0,-194,0,-127,0,-123,0,-123,0,-123,0,-123,0,-127,0,-437,-410,-634,-617,-593,-566,-647,-645,-740,-620,-859,-719,-1962,-1960,-1846,-1747,-2654,-2631,-2537,-2380,-2838,-2477,-29988,-29989,-29986,-29987,-29990,-29991,-29991,-29992,-29993,-29990,-29990,-29989,-29989,-29990,-29990,-29989,-29989,-29990,-29990,-29991,-29991,-29992,-29993,-29994,-29994,-29994]} 1. e4 e5 2. Nf3 Nc6 3. Bb5 Bc5 4. O-O Nd4 5. Bc4 d6 6. c3 {C64: Ruy Lopez: Classical Defence (3...Bc5) except 4 0-0 Nf6.} Nxf3+ $1 7. Qxf3 {[%csl Gc4][%cal Rf3f7]} Nf6 8. d3 {The position is equal.} O-O 9. h3 {[#]} c6 $146 ({Predecessor:} 9... h6 10. Be3 Bb6 11. Nd2 c6 12. d4 Qe7 13. Rfe1 Kh8 14. Rad1 Nh7 15. Bd3 Ng5 {0-1 (46) Antonov,G-Gelemerov,Y (2095) Sofia 2014}) 10. Bb3 Be6 11. Bc2 h6 12. Re1 Nh7 13. Qg3 f5 (13... Kh8 $11) 14. exf5 $1 $16 Bxf5 15. Be3 ({Much weaker is} 15. b4 $6 Bb6 $14) (15. Bxh6 $16 {[%csl Gh6][%cal Rg3g7]} Bxf2+ 16. Kxf2) 15... Bxe3 $11 16. Qxe3 Qf6 17. Nd2 Ng5 18. Rad1 c5 19. Nf1 {[#]} (19. Bb3+ $14 Kh8 20. Ne4 Nxe4 21. dxe4) 19... Rae8 (19... Bxh3 $1 $17 {[%mdl 512]} 20. gxh3 Qg6 21. Bb3+ c4 22. Bxc4+ Kh7) 20. Ng3 (20. Ba4 $11) 20... Bd7 (20... Bxh3 $1 $15 21. gxh3 Nxh3+ {[%mdl 64] Double Attack} 22. Kg2 Nxf2) 21. Ne4 Qe7 22. Bb3+ Kh8 23. Nxg5 Qxg5 24. Qxg5 hxg5 25. Re3 Kh7 26. Rde1 Bc6 27. Bc2 Kh6 28. f3 b5 {[%cal Bb7b5,Bb5b4][%mdl 32]} 29. Kf2 (29. d4 $5) 29... a5 {[%cal Ba7a5,Ba5a4][%mdl 32]} 30. Kg3 (30. d4 $5) 30... b4 31. c4 (31. a3 $11) 31... a4 $17 32. Bd1 Rf4 33. Be2 Ref8 34. Bf1 Rd4 35. Be2 Rdf4 (35... Ra8 $17) 36. Rh1 (36. Bf1 $1 $11) 36... Kg6 37. Kf2 Rh8 38. Rg1 Rhf8 (38... Ra8 $17) 39. Ke1 (39. Rh1 $1 $11 {keeps the balance.}) 39... Rh8 (39... Rd4 $17) 40. Kd2 (40. Kf2 $11) 40... Kf7 41. Bd1 Rf6 42. Rge1 Ke7 43. Bc2 Kd8 44. Kc1 Kc7 45. Kb1 Kb6 46. Bd1 Kc7 (46... Rf4 $15) 47. Kc1 (47. Bc2 $1 $11) 47... Kb6 (47... Kd7 $15) 48. Kd2 (48. Kb1 $1 $11) 48... Kc7 (48... Bd7 $15) 49. R3e2 (49. Kc1 $1 $11) 49... Rh4 50. Re3 Rh8 (50... Kd7 $15) 51. Rh1 (51. R3e2 $11) 51... Rh4 (51... Rff8 $15) 52. Rg1 (52. Rhe1 $1 $11) 52... Rh8 (52... Kb6 $15) 53. Be2 (53. Rh1 $1 $11) 53... Rh4 54. Bd1 $1 Rh8 (54... Kd7 $15) 55. Bc2 (55. Be2 $11) 55... Rh4 (55... Rf4 $15) 56. Ree1 (56. Bd1 $1 $11) 56... Rh8 (56... Kb6 $15) 57. a3 (57. Re3 $1 $11) 57... b3 $15 58. Bd1 Rh4 59. Kc3 Rh8 (59... Rf8 $15) 60. Be2 (60. Kd2 $1 $11) 60... Rh4 (60... Rff8 $15) 61. Rh1 (61. Bd1 $1 $11) 61... Rh8 (61... Rf8 $15) 62. Rh2 (62. Rhg1 $1 $11) 62... Rh4 (62... Rf4 $15) 63. Reh1 (63. Rhh1 $11) 63... Rh8 (63... Bd7 $15) 64. Rd1 (64. Re1 $1 $11) 64... Rh4 (64... Rfh6 $15) 65. Rhh1 (65. Rdh1 $1 $11) 65... Rh8 (65... Rf8 $15) 66. Rdf1 (66. Rh2 $1 $11) 66... Rh4 (66... Rf4 $15) 67. Rf2 $2 {[#]} (67. Re1 $11) 67... Rh8 $2 (67... g4 $1 $17 {[%mdl 512]} 68. Rg1 (68. fxg4 Rxf2) 68... gxf3 69. gxf3 g6) 68. Rg1 (68. Rff1 $11) 68... Rh4 (68... Bd7 $15) 69. Rgf1 (69. Rh1 $1 $11) 69... Rh8 (69... Rf8 $15) 70. Rd1 (70. Rg1 $1 $11) 70... Rh4 (70... Bd7 $15) 71. Bf1 {[#]} (71. Rh1 $11) 71... Rh8 (71... g4 $1 $17 {[%cal Rg4f3][%mdl 512]} 72. hxg4 (72. fxg4 Rxf2) 72... Rxg4 $1 {[%mdl 576] Pin}) 72. Re1 (72. Be2 $1 $11) 72... Rh4 (72... Rff8 $15) 73. Re3 {[#]} (73. Rd1 $1 $11) 73... Rh8 (73... g4 $1 $17 {[%mdl 512]} 74. g3 (74. fxg4 Rxf2) 74... Rh7 75. hxg4 Rxf3 $1 {[%mdl 512]} 76. Rexf3 (76. Rfxf3 Bxf3 77. Rxf3 Rh2 $17) 76... Bxf3) 74. g3 (74. Re1 $11) 74... Rhf8 {[%cal Rc6f3]} 75. Bg2 Bb7 76. Kd2 Bc6 (76... Rh8 $17 77. Rf1 Bc6) 77. Rf1 (77. Kc3 $1 $11) 77... Bb7 (77... Kb6 $17 78. Ree1 Bxf3 79. Bxf3 Rxf3 80. Rxf3 Rxf3) 78. Ke2 (78. Rf2 $1 $11) 78... Bc6 (78... Rh8 $17 79. Rh1 Bc8) 79. Kf2 (79. Kd2 $11) 79... Bb7 (79... Rh8 $17 80. Rh1 Bd7) 80. Kg1 (80. Ke2 $1 $11) 80... Bc6 (80... Kb6 $17 81. Kf2 Bc8) 81. Kh2 (81. Kf2 $11) 81... Bb7 (81... Kb6 $17 82. Kg1 Bd7) 82. Rf2 (82. Kg1 $11) 82... Bc6 (82... Kb6 $17 83. Ree2 Bc6) 83. Bh1 (83. Rf1 $11) 83... Bb7 (83... Rh8 $17 84. g4 Rh4) 84. Kg2 $2 (84. Bg2 $11 {and White stays safe.}) 84... Bc6 $2 (84... Rh6 $19 85. Kh2 Bc8) 85. Kg1 (85. Kh2 $1 $11) 85... Bb7 (85... Rh8 $17 86. Rh2 Rfh6) 86. Kf1 (86. Kg2 $1 $11) 86... Bc6 (86... Rh6 $17 87. Bg2 Bc8) 87. Ke1 (87. Kg1 $11) 87... Bb7 (87... Rh6 $17 88. Rh2 Rfh8) 88. Bg2 (88. Kf1 $1 $11) 88... Bc6 (88... Kb6 $17 89. Rf1 Rh8) 89. Ke2 (89. Bh1 $1 $11) 89... Bb7 90. Kd2 Bc6 (90... Rh8 $17 91. Rf1 Bc6) 91. Ke2 (91. Rf1 $11) 91... Bb7 (91... Bd7 $17 92. Rf1 Rh6) 92. Rf1 (92. Kd2 $11) 92... Bc6 ({Black should play} 92... Rh6 $17 93. Kd2 Kb6) 93. Bh1 (93. Rf2 $11) 93... Bb7 (93... Bd7 $17 94. Bg2 Rh6) 94. Kf2 (94. Bg2 $11) 94... Bc6 (94... Rh6 $17 95. Bg2 Bc8) 95. Kg2 $2 (95. Bg2 $11) 95... Bb7 $2 (95... Rh8 $19 96. Ree1 Kb6) 96. Kh2 (96. Kf2 $11) 96... Bc6 (96... Rg6 $17 97. Bg2 Bc8) 97. g4 (97. Bg2 $11) 97... Bb7 98. Kg3 Rf4 99. Bg2 Rh8 100. Rh1 Rh4 101. Ree1 Bc6 102. Re3 Bb7 (102... Rd4 $17 103. Rc1 Rf4) 103. Rhe1 (103. Ree1 $11) 103... Bc6 (103... Kd8 $17 104. Rh1 g6) 104. Bf1 (104. Rh1 $1 $11) 104... Bb7 (104... Rh8 $17 105. Bg2 Rf7) 105. Be2 (105. Bg2 $11) 105... Bc6 (105... Kb6 $17 106. Bf1 Rf7) 106. Bd1 (106. Bf1 $1 $11) 106... Bb7 ({Black should try} 106... Rd4 $17 107. Be2 Rf4) 107. Rg1 (107. Be2 $11) 107... Bc6 (107... Rd4 $17 108. Be2 Kd7) 108. Ree1 (108. Rge1 $1 $11) 108... Bb7 (108... Kb8 $17 109. Be2 g6) 109. Be2 (109. Re3 $1 $11) 109... Bc6 (109... Rf8 $17 110. Kg2 Rf4) 110. Ref1 (110. Bd1 $1 $11) 110... Bb7 (110... Kb6 $17 111. Re1 g6) 111. Kh2 (111. Re1 $11) 111... Bc6 112. Kg3 $1 Bb7 (112... Rf6 $17 113. Rh1 Bb7) 113. Rh1 (113. Re1 $11) 113... Bc6 (113... Kc6 $17 114. Re1 Kd7) 114. Kf2 (114. Rhg1 $1 $11) 114... Bb7 (114... Rf6 $17 115. Kg2 Kd7) 115. Ke3 (115. Kg3 $1 $11) 115... Bc6 (115... Kb6 $17 116. Kf2 Kc6) 116. Kd2 (116. Kf2 $1 $11) 116... Bb7 (116... Rf8 $17 {...Rfh8 is the strong threat.} 117. Rf2 Kd7) 117. Kc3 (117. Ke3 $11) 117... Bc6 ({Better is} 117... Rf7 $17 118. Kd2 g6) 118. Bd1 $2 (118. Kd2 $11) 118... Bb7 $2 (118... Rh8 $19 {Threatens to win with ...Rhf8.} 119. Kd2 Rf7) 119. Rf2 $2 (119. Be2 $11) 119... Bc6 $2 (119... Rh8 $19 120. Kd2 g6) 120. Rhh2 (120. Rff1 $1 $11 {was the only way to keep the balance.}) 120... Bb7 (120... Rf6 $17 121. Be2 Rf8) 121. Rh1 $1 $19 Bc6 $2 (121... Rh8 $19 122. Kd2 Rh6) 122. Kd2 $2 {[#]} (122. Rff1 $11 {and White has nothing to worry.}) 122... Bb7 $2 (122... e4 $1 $19 {[%mdl 512] And now ...exd3 would win.} 123. dxe4 {[#]} Bxe4 $1 {[%mdl 576] Pin}) 123. Rff1 (123. Kc3 $1 $11) 123... Bc6 (123... Rf8 $17 {aiming for ...Rfh8.} 124. Rf2 Rhh8) 124. Ke3 (124. Be2 $11) 124... Bb7 (124... Rf8 $17 125. Kf2 Rh7) 125. Kf2 (125. Kd2 $11 {remains equal.}) 125... Bc6 126. Be2 Bb7 127. Kg3 Bc6 (127... Kd7 $17 128. Kh2 Ke6) 128. Rd1 (128. Kf2 $11) 128... Bb7 (128... Rf8 $17 129. Kg2 Bb7) 129. d4 $2 {[%mdl 8192] Black continues to play with concentration.} (129. Rdf1 $1 $11 {and White is okay.}) 129... Rxd4 130. Rxd4 (130. Rd3 $142 Rxc4 131. Rd2) 130... cxd4 {[%mdl 4096] Endgame KRB-KRB} (130... exd4 $2 131. Re1 $19) 131. Bd3 Kb6 132. Re1 Kc5 133. Rc1 Rh8 134. Be2 Rf8 135. Re1 {[#]} d3 $1 {[%mdl 512]} 136. Bd1 (136. Bxd3 Rxf3+) 136... Kxc4 137. Re3 Kd4 138. Re1 Rc8 139. h4 Rc1 140. hxg5 d2 {Black mates.} 141. Rf1 Ba6 142. Rh1 {[#]} Be2 $1 {[%mdl 576] Promotion} 143. Bxe2 Rxh1 {KR-KB} 144. f4 exf4+ 145. Kxf4 d1=Q 146. Bxd1 Rxd1 {KR-KP} 147. Kf5 Rg1 148. Kg6 Rxg4 149. Kxg7 Rxg5+ 150. Kf6 Rg2 151. Ke6 Rxb2 152. Kxd6 Ra2 {Accuracy: White = 34%, Black = 42%.} 0-1